Quantitative Techniques. (Record no. 2385)

MARC details
005 - DATE AND TIME OF LATEST TRANSACTION
control field 20250626133156.0
020 ## - INTERNATIONAL STANDARD BOOK NUMBER
International Standard Book Number 0 8264 5561 1
082 ## - DEWEY DECIMAL CLASSIFICATION NUMBER
Classification number 658. 403 LUC
100 ## - MAIN ENTRY--PERSONAL NAME
Author name LUCEY, T.
245 ## - TITLE STATEMENT
Title Quantitative Techniques.
250 ## - EDITION STATEMENT
Edition statement 5th Ed
260 ## - PUBLICATION, DISTRIBUTION, ETC.
Place of publication, distribution, etc. New York,
Name of publisher, distributor, etc. Educational low-Priced Sponsored Texts,
Date of publication, distribution, etc. 1996.
300 ## - PHYSICAL DESCRIPTION
Extent vi, 481p.: ill.; figure, graph, table
Other physical details Index
Dimensions 25cm
942 ## - ADDED ENTRY ELEMENTS (KOHA)
Source of classification or shelving scheme Dewey Decimal Classification
Koha item type Books
Holdings
Date last seen Total checkouts Full call number Barcode Cost, replacement price Price effective from Koha item type Lost status Source of classification or shelving scheme Damaged status Not for loan Withdrawn status Home library Current library Shelving location Date acquired Cost, normal purchase price
05/16/2025   658. 403 LUC 0000008977 54000.00 05/16/2025 Books   Dewey Decimal Classification       College of Business Education Main Library College of Business Education Main Library General Collection 01/18/2002 18000.00